| 000 | 00000nam##2200000za#4500 |
| 001 | 9.606185 |
| 003 | CaOODSP |
| 005 | 20210624212512 |
| 007 | cr ||||||||||| |
| 008 | 150406|1981||||xxc|||||o f|0| 0 fre|d |
| 022 | |a1488-545X |
| 040 | |aCaOODSP|bfre |
| 043 | |an-cn--- |
| 086 | 1 |aFs97-6/1019F-PDF |
| 110 | 1 |aCanada. |bMinistère des pêches et des océans. |
| 245 | 10|aRapport biennal, 1976 - 78 Région de l'ouest, Service des pêches et de la mer, ministère des Pêches et de l'Environnement / |h[ressource électronique]|cPréparé par D.P. Scott. |
| 260 | |aWinnipeg - Manitoba : |bPêches et Océans Canada |c1981. |
| 300 | |a43p.|btableaux |
| 490 | 1 |aRapport technique canadien des sciences halieutiques et aquatiques|x1488-545X|vN° 1019 |
| 546 | |a(Abstract in English). |
| 590 | |a13-24-Supp|b2013-10-18 |
| 720 | 1 |aScott, D. P. |
| 775 | 08|tBiennial report - 1976-78, Western Region, Fisheries and Marine Service, Department of Fisheries and the Environment / |w(CaOODSP)9.577642 |
| 830 | #0|aRapport technique canadien des sciences halieutiques et aquatiques,|x1488-545X|vN° 1019|w(CaOODSP)9.500867 |
| 856 | 40|ahttp://publications.gc.ca|qPDF|s2664 Ko|uhttps://publications.gc.ca/collections/collection_2013/mpo-dfo/Fs97-6-1019-fra.pdf|yN° 1019 |